000 00298nam a2200109Ia 4500
008 220204s9999 xx 000 0 und d
082 _a054.02
_bMOF.1
100 _aMoffatt, William G
245 0 _aStructure and properties of materials. V 1
260 _aNew Delhi
_bWiley Eastern
_c1964
942 _cBK
999 _c21068
_d21068